| 000 | 00486nam a2200181Ia 4500 | ||
|---|---|---|---|
| 008 | 240925s9999 xx 000 0 und d | ||
| 020 | _a9789332551589 | ||
| 082 | _a517.52 ROY | ||
| 100 | _aRoyden. H. L.; Fitzpatrick, P.M. | ||
| 245 | 0 | _aReal Analysis | |
| 250 | _a4th | ||
| 260 |
_aUttar Pradesh: _bPearson Education Inc _c,2016. |
||
| 300 |
_a144p. _bNA _fOriginal |
||
| 500 | _aIncludes Index | ||
| 600 | _aHumanities & Natural Science | ||
| 650 | _aMathematics | ||
| 942 | _cBK | ||
| 999 |
_c14870 _d14870 |
||